000 00418nam a22001337a 4500
020 _a9788126528929
082 _a519
_bVLA/ST
100 _aVladimir N.Vapnik
_9906
245 _aStatistical Learning Theory
260 _aNew Delhi
_bWiley India Pvt.Ltd.
_c2011
300 _a736
490 _aA Volume in the Wiley Series on Adaptive and Learning Systems for Signal Processing. Communications and Control
942 _cBK
999 _c14519
_d14519